Implementácia systémov manažérstva v praxi
Zavedenie systému manažérstva v praxi. Systém manažérstva kvality podľa ISO 9001:2008. Charakteristika systémov manažérstva kvality: ISO 9000:2005, ISO 9001:2008, ISO 9004:2009. ISO 19011:2002 Návod na auditovanie systému manažérstva kvality a/alebo systému environmentálneho manažérstva.
Salvato in:
| Autore principale: | |
|---|---|
| Natura: | Capitolo di libro |
| Lingua: | slovacco |
| Soggetti: | |
| Tags: |
Nessun Tag, puoi essere il primo ad aggiungerne!!
|
MARC
| LEADER | 00000naa$a2200000$$$4500 | ||
|---|---|---|---|
| 001 | 0120315 | ||
| 005 | 20240502072341.0 | ||
| 041 | 0 | |a slo | |
| 044 | |a SK | ||
| 245 | 1 | 0 | |a Implementácia systémov manažérstva v praxi |c Marta Karkalíková |
| 520 | |a Zavedenie systému manažérstva v praxi. Systém manažérstva kvality podľa ISO 9001:2008. Charakteristika systémov manažérstva kvality: ISO 9000:2005, ISO 9001:2008, ISO 9004:2009. ISO 19011:2002 Návod na auditovanie systému manažérstva kvality a/alebo systému environmentálneho manažérstva. | ||
| 610 | 2 | 0 | |a riadenie kvality |
| 610 | 2 | 0 | |a systémy riadenia |
| 610 | 2 | 0 | |a normy ISO |
| 610 | 2 | 0 | |a normy kvality |
| 610 | 2 | 0 | |a firmy |
| 100 | 1 | |a Karkalíková, Marta | |